Reviviendo el aula (Registro nro. 15941)

Detalles MARC
000 - LÍDER
campo de control de longitud fija 01352nam a2200349 i 4500
005 - FECHA Y HORA DE LA ÚLTIMA TRANSACCIÓN
campo de control 20210818182401.0
008 - ELEMENTOS DE DATOS DE LONGITUD FIJA - INFORMACIÓN GENERAL
campo de control de longitud fija 201007e2019 ck a jr 000 0 spa d
020 ## - INTERNATIONAL STANDARD BOOK NUMBER
International Standard Book Number 9789588487465
040 ## - FUENTE DE CATALOGACIÓN
Agencia de catalogación original COMFC
Lenguaje de catalogación spa
Agencia de transcripción cobobit
Descripción convenciones rda
041 ## - CÓDIGO DE LENGUAJE
Código de idioma de texto / pista de sonido o título separado spa
082 01 - NÚMERO DE CLASIFICACIÓN DECIMAL DEWEY
Número de clasificación 155.4
Número de artículo D671r
100 ## - ENTRADA PRINCIPAL - NOMBRE PERSONAL
9 (RLIN) 55861
Nombre de la persona Domínguez Rojas, Ana Lorena
Término del Relator aut
245 10 - TÍTULO DECLARACIÓN
Título Reviviendo el aula
Resto del título el camino de la afectividad
Declaración de responsabilidad Ana Lorena Domínguez Rojas y otros tres ; ilustraciones Juan Carlos Salcedo
250 ## - DECLARACIÓN DE EDICIÓN
Sentencia de edición Primera edición
264 01 - AVISO DE PRODUCCIÓN, PUBLICACIÓN, DISTRIBUCIÓN, FABRICACIÓN Y DERECHOS DE AUTOR
Lugar de producción Pereira
Nombre del productor Universidad Católica de Pereira
Fecha de producción 2019
300 ## - DESCRIPCIÓN FÍSICA
Alcance 35 páginas
Otros datos físicos ilustraciones
Dimensiones 32 cm
336 ## - TIPO DE CONTENIDO
Fuente rdacontent
Tipo de contenido txt
337 ## - TIPO DE MEDIO
Fuente rdamedia
Término del tipo de medio n
338 ## - TIPO DE PORTADOR
Fuente rdacarrier
Término del tipo de operador nc
504 ## - BIBLIOGRAFÍA
Bibliografía Incluye referencias bibliográficas
650 #0 - ENTRADA DE SUJETO AÑADIDO - TÉRMINO TÓPICO
9 (RLIN) 13373
Término tópico o elemento de entrada del nombre geográfico Emociones
650 #0 - ENTRADA DE SUJETO AÑADIDO - TÉRMINO TÓPICO
9 (RLIN) 55862
Término tópico o elemento de entrada del nombre geográfico Cognición Situada
650 #0 - ENTRADA DE SUJETO AÑADIDO - TÉRMINO TÓPICO
9 (RLIN) 55863
Término tópico o elemento de entrada del nombre geográfico Aprendizaje Colaborativo
650 #0 - ENTRADA DE SUJETO AÑADIDO - TÉRMINO TÓPICO
9 (RLIN) 19740
Término tópico o elemento de entrada del nombre geográfico Intersubjetividad
650 #0 - ENTRADA DE SUJETO AÑADIDO - TÉRMINO TÓPICO
9 (RLIN) 28679
Término tópico o elemento de entrada del nombre geográfico Psicologia Infantil
Subdivisión de forma Enseñanza
700 ## - ENTRADA AGREGADA - NOMBRE PERSONAL
9 (RLIN) 55864
Nombre de la persona Durango, María Fernanda
Término del Relator aut
700 ## - ENTRADA AGREGADA - NOMBRE PERSONAL
9 (RLIN) 55865
Nombre de la persona Echeverri Llano, Martín
Término del Relator aut
700 ## - ENTRADA AGREGADA - NOMBRE PERSONAL
9 (RLIN) 55866
Nombre de la persona Henao, Jhon Gelmer
Término del Relator aut
700 ## - ENTRADA AGREGADA - NOMBRE PERSONAL
9 (RLIN) 55867
Nombre de la persona Salcedo, Juan Carlos
Término del Relator ilustrador
830 ## - ENTRADA AGREGADA EN SERIE - TÍTULO UNIFORME
9 (RLIN) 54302
Título uniforme Depósito Legal - Sala de Patrimonio Bibliográfico y Documental de Risaralda
942 ## - ELEMENTOS DE ENTRADA AGREGADOS (KOHA)
Fuente de clasificación o esquema de estanterías Dewey Decimal Classification
Parte de clasificación 155.4 D671r
Prefijo del número de llamada 155.4
Sufijo del número de llamada D671r
Existencias
Estado de retirada Pérdida de estatus Fuente de clasificación o esquema de estanterías Estado dañado No para préstamo Código de recogida Ubicación permanente Ubicación actual Ubicación de las estanterías Fecha de adquisición Total de Cajas Número Topográfico Código de barras Precio efectivo desde Número de copia Fecha de la última vez que se vio Tipo de artículo Koha
    Dewey Decimal Classification     General Biblioteca Pública Departamental Comfamiliar Risaralda Biblioteca Pública Departamental Comfamiliar Risaralda Área General 07/10/2020   155.4 D671r 2989 07/10/2020 Ej. 1 07/10/2020 Libro
    Dewey Decimal Classification     General Biblioteca Pública Departamental Comfamiliar Risaralda Biblioteca Pública Departamental Comfamiliar Risaralda Área General 07/10/2020   155.4 D671r 2990 07/10/2020 Ej. 2 07/10/2020 Libro
    Dewey Decimal Classification     General Biblioteca Pública Departamental Comfamiliar Risaralda Biblioteca Pública Departamental Comfamiliar Risaralda Área General 18/03/2021   155.4 D671r 3138 18/03/2021 Ej. 3 18/03/2021 Libro